| 000 | 00871nam a2200265Ia 4500 | ||
|---|---|---|---|
| 003 | OSt | ||
| 005 | 20221005093003.0 | ||
| 006 | a|||||r|||| 00| 0 | ||
| 007 | ta | ||
| 008 | 221004b |||||||| |||| 00| 0 eng d | ||
| 020 |
_a9781593851378 (hbk) _c2495 |
||
| 024 | _a90878 | ||
| 037 |
_b5150, 23/10/2008, Efficient Book Distributors _cTextual |
||
| 040 |
_aCRL _cCRL _beng |
||
| 041 |
_2eng _aeng |
||
| 082 | _aS:4, P7 | ||
| 100 |
_aCoch Donna Ed. _9618006 |
||
| 245 | 0 |
_aHuman behavior, learning and the developing brain _b A typical development |
|
| 260 |
_aNew York _bThe Guilford Press USA _c2007 |
||
| 300 |
_axviii,378p. _ccm. |
||
| 650 | _aPSYCHOLOGY | ||
| 700 |
_a Dawson Geraldine Ed. _9618007 |
||
| 942 |
_hS:4, P7 _cTEXL _2cc |
||
| 999 |
_c999659 _d999659 |
||